Landmark by Pictures - C - Statistics

General Stats
  • This quiz has been taken 31 times
  • The average score is 5 of 12
Answer Stats
Picture Hint Answer % Correct
Canada CN Tower
90%
Mexico Chichen Itza
76%
South Africa Cape of Good Hope
62%
Germany Cologne Cathedral (St. Peter)
62%
Italy Colosseum of Rome
55%
U.S. Capitol Hill
52%
Czech Republic Charles Bridge
52%
U.K. Canterbury Cathedral
38%
Turkiye Cappadocia
31%
Brazil Christ of Redeemer
24%
P.R. China CCTV Headquarters
7%
Russian Federation Catherine Palace
0%
No matching quizzes found
Score Distribution
Percent of People with Each Score
Percentile by Number Answered
Your Score History
You have not taken this quiz